00628nam a2200205Ia 4500003000900000008004100009020001800050040001600068080001700084245009400101260004400195300000900239490001500248650003000263650003900293650001600332650001000348650004200358700002200400IN-BaIIA211028s9999 xx 000 0 eng d a92-9092-610-4 cIIA Library a52(083)bSUC 0aSuccess storyb30 discoveries from ESA's science missions in spaceccompiled by N Calder aNetherlandbEuropean Space Agencyc1999 a32p. aESA BR-147 aAstronautics in astronomy aAstrophysics -- Research -- Europe aDiscoveries aSpace aSpace astronomy -- Research -- Europe aCalder, N., comp.